1133 1263 1369 1828 1576 1103 1154 1921 1320 1175 1967 1815 1665 1457 1770 1596 1427 1543 1975 1135 1800 1807 1771 1869 1171 1053 1882 1277 1416 1087 1603 1089 1542 1826 1002 1067 1200 1756 1602 1060 1669 1912 1982 1097 1924 1584 1868 1557 1305 1928 1344 1110 1870 1515 1492 1245 1690 1712 1346 1070 1995 1798 1327 1273 1737 1941 1196 1626 1917 1537 1717 1569 1940 1078 1091 1556 1803 1949 1708 1763 1423 1526 1753 1684 1292 1077 1003 1415 1928 1228 1642 1104 1137 1575 1275 1289 1039 1317 1967 BCNSPRNW ULIB Ver.6.0+V

เปลี่ยนเป็นภาษาไทย

Change to English
 แสดงรายละเอียดบรรณานุกรม
  กลับหน้าหลัก

Brief Record : Get Marc (ISO 2709) : E-mail record : QR code < ปิดหน้าต่าง
LEADER : 00000nam 2200000uu 4500
001    13399111701
003     ULIB
008    110706s2543||||th 000 0 tha d
020    9747232545
050 04 BQ7805^bช724ต 2543
100 1  ตรุงปะ, เชอเกียม,^dค.ศ. 1939-1987
245 00 ตำนานแห่งเสรีภาพและหนทางแห่งการภาวนา = The Myth of Freedom and the way to meditation/^cเชอเกียม ตรุงปะ เขียน; อนุสรณ์ ติปยานนท์ แปล
260    กรุงเทพฯ:^bมูลนิธิโกมลคีมทอง,^c2543
300    169 หน้า;^c21 ซม
650  7 การภาวนา
650  7 สมาธิ
650  7 เสรีภาพ
945    ^p140^l0^i026696
995    ทศพร
999 ^a ใช้งานได้ทุกระบบ
รายการนี้ยังไม่มีแท็ก
คุณยังไม่ได้ล็อกอิน คุณสามารถมีกิจกรรมร่วมกับเว็บไซต์ได้ แต่ต้องล็อกอินก่อน ::
  ล็อกอิน

รายการสื่อสารสนเทศ

ลำดับที่ ประเภท เลขเรียก/บาร์โค้ด สถานที่ สถานะ
- ไม่พบข้อมูล -

รายการใกล้เคียง
    หัวเรื่อง [สมาธิ]

BibComment


ยังไม่เคยถูกคอมเมนท์

คอมเมนท์ทรัพยากรรายการนี้
  คอมเมนท์: ตำนานแห่งเสรีภาพแ..


 Copyright 2026. Bcnsprnw @Library